| 000 | 00442nam a2200109Ia 4500 | ||
|---|---|---|---|
| 008 | 160909s9999 xx 000 0 und d | ||
| 100 | _aLee, Kessina | ||
| 245 | _aStranding Mortality Patterns in California Sea Lions and Steller Sea Lions in Oregon and Southern Washington, 2006 to 2014 | ||
| 260 |
_bPortland State University. _c2016 |
||
| 650 | _aHUMAN RESOURCE MANAGEMENT | ||
| 856 | _uhttp://pqdtopen.proquest.com/doc/1802533911.html?FMT=ABS | ||
| 999 |
_c304722 _d304722 |
||